01099nam a2200229Ia 4500008004100000020002200041100002700063245015500090246003000245260003900275300002800314500021600342504004100558650004800599650005000647700002100697700001900718710010500737003000100842005001700843040000900860  a0797417494 (pbk.)1 aKethusegile, Bookie M.10aBeyond inequalities :bwomen in southern Africa /ccompiled by Bookie M. Kethusegile, Alice Kwaramba and Barbara Lopi ; foreword by Gertrude Mongella.30aWomen in southern Africa. aHarare, Zimbabwe :bSARDC,cc2000. a332 p. :bmap ;c26 cm. a"A profile of the situation of women in southern Africa, produced by the Women in Development Southern Africa Awareness (WIDSAA) programme of the Southern African Research and Documentation Centre (SARDC)"--T.p. aIncludes bibliographical references. 0aWomenzAfrica, SouthernxSocial conditions. 0aWomenzAfrica, SouthernxEconomic conditions.1 aKwaramba, Alice.1 aLopi, Barbara.2 aSouthern African Research and Documentation Centre.bWomen in Development Southern Africa Awareness.20230123125004.0 cNUST